000 00314nam a2200109 4500
999 _c13603
_d13603
008 190329b ||||| |||| 00| 0 eng d
245 _aMadaris schools to help address extremism, drug abuse.
260 _aPhilippines
_bThe Philippine Star
_cc2017
300 _apage G1.
650 0 _937926
_aDrug.
942 _2ddc
_cPER